My name is red
Αποθηκεύτηκε σε:
| Κύριος συγγραφέας: | |
|---|---|
| Μορφή: | Βιβλίο |
| Γλώσσα: | English |
| Δημοσίευση: |
New York :
Faber and Faber,
2001.
|
| Θέματα: | |
| Ετικέτες: |
Προσθήκη ετικέτας
Δεν υπάρχουν, Καταχωρήστε ετικέτα πρώτοι!
|
MARC
| LEADER | 00000nam a2200000 a 4500 | ||
|---|---|---|---|
| 001 | 1/127027 | ||
| 008 | 230714s2002####nyu| ||| |||| ||eng|| | ||
| 020 | |a 0571214193 | ||
| 040 | |a GR-MyUa |b gre |c GR-MyUa |e AACR2 | ||
| 041 | 0 | |a eng | |
| 082 | 7 | |a 894.353 |2 (23) | |
| 100 | 1 | |a Pamuk, Orhan, |d 1952- | |
| 245 | 1 | 0 | |a My name is red / |c Orhan Pamuk ; translated by Erdag Goknar. |
| 260 | |a New York : |b Faber and Faber, |c 2001. | ||
| 300 | |a 508 σ. ; |c 18 εκ. | ||
| 650 | 0 | |a Turkish fiction | |
| 852 | |a INST |b LESVOS |e 20230714 |h 894.353 PAM |p 005100064407 |q 005100064407 |t BK |y 0 | ||
| 970 | |a Καμάτσου |b Δέσποινα |z 14-07-2023 | ||